00669nam a2200181 a 450000100100000000500170001000800410002704000250006808200220009311000320011524000180014724500900016526000470025530000210030259000260032395201210034999900170047000004919720201002061728.0190726s2002 dr r 000 0 spa d aDO-SdBNPbspacBNPHU axxxxbR426L, 20021 aRepública Dominicana944710a[Leyes, etc.]10aLey No. 183-02 :bcódigo monetario y financiero, reproducción fiel a su original. aSanto Domingo :bEditora Tavárez,c2002. a142 p. ;c21 cm. aInventariado, 2019/BT 00107-18PDaPDbPDcOId2019-07-26iLF1l0oxxxx R426L, 2002p49198-10r2020-06-25w2020-06-25yLFPDZNo se presta c48685d48685